000 00643nam a2200205 i 4500
001 94744
003 ES-MaACL
005 20230906181539.0
007 t|
008 050513s1949 fr ||||1| fre d
100 1 _aMilosz, O.V. de L.
_981298
245 1 0 _aOeuvres, choisies, bibliographie /
_cO. V. de L. Milosz; un étude par Jean Rousselot.
260 _aParís :
_bPierre Seghers,
_c1949.
300 _a219 p., 8 lám. ;
_c16 cm.
490 1 _aPoétes d'Aujourd'hui ;
_v17
700 1 _aRousselot, Jean.
_9100079
830 0 _aPoétes d'Aujourd'hui ;
_v17
_9182047
852 _aES-MaACL
_jD-7982
_bR.31712
999 _c94744
_d94744